| 000 | 00513nam a22001697a 4500 | ||
|---|---|---|---|
| 999 |
_c8499 _d8499 |
||
| 008 | 201126b ||||| |||| 00| 0 eng d | ||
| 040 | _aBMS College of Architecture | ||
| 100 | _aGowda, A Rahul | ||
| 245 | _aAgriculture park Kolar | ||
| 300 | _aNA | ||
| 500 | _a1BM13AT059 | ||
| 502 |
_8B,Arch _NBMS College of Architecture, Visvesvaraya Technology University (VTU) _aProject report _d2018 |
||
| 650 | _aEngineering College | ||
| 700 |
_aNeetha S N _eGuide |
||
| 700 |
_aPraveen Alva _eGuide |
||
| 942 |
_2ddc _cTHE |
||